The European Internet companion : (Record no. 166431)

MARC details
000 -LEADER
fixed length control field 00881cam a2200253 a 4500
008 - FIXED-LENGTH DATA ELEMENTS--GENERAL INFORMATION
fixed length control field
020 ## - INTERNATIONAL STANDARD BOOK NUMBER
International Standard Book Number 0201427788 (pbk. )
049 ## - LOCAL HOLDINGS (OCLC)
Holding library MAIN
090 0# - LOCALLY ASSIGNED LC-TYPE CALL NUMBER (OCLC); LOCAL CALL NUMBER (RLIN)
Classification number (OCLC) (R) ; Classification number, CALL (RLIN) (NR) TK5105.875
Local cutter number (OCLC) ; Book number/undivided call number, CALL (RLIN) LAQ
003 - CONTROL NUMBER IDENTIFIER
control field
005 - DATE AND TIME OF LATEST TRANSACTION
control field 20230123134451.0
040 ## - CATALOGING SOURCE
Transcribing agency NUST
100 1# - MAIN ENTRY--PERSONAL NAME
Personal name LaQuey, Tracy L.
245 14 - TITLE STATEMENT
Title The European Internet companion :
Remainder of title a beginner's guide to global networking /
Statement of responsibility, etc. Tracy Laquey ; adapted for the European market by Stephan Deutsch and Richard Harris ; foreword by Al Gore.
260 ## - PUBLICATION, DISTRIBUTION, ETC.
Place of publication, distribution, etc. Workingham, England :
Name of publisher, distributor, etc. Addison Wesley Pub. Co.,
Date of publication, distribution, etc. c1995.
300 ## - PHYSICAL DESCRIPTION
Extent xiv, 272 p. :
Other physical details ill. ;
Dimensions 22 cm.
504 ## - BIBLIOGRAPHY, ETC. NOTE
Bibliography, etc. note Includes bibliographical references.
500 ## - GENERAL NOTE
General note Includes index.
650 #0 - SUBJECT ADDED ENTRY--TOPICAL TERM
Topical term or geographic name entry element Internet.
700 1# - ADDED ENTRY--PERSONAL NAME
Personal name Deutsch, Stephan.
700 1# - ADDED ENTRY--PERSONAL NAME
Personal name Harris, Richard.
907 ## - LOCAL DATA ELEMENT G, LDG (RLIN)
a .b10246198
b 23-04-12
c 28-05-07
942 ## - ADDED ENTRY ELEMENTS (KOHA)
Koha item type Ordinary Loan Books
Call number prefix TK5105.875
Call number suffix LAQ
Holdings
Date last seen Total Checkouts Full call number Barcode Cost, replacement price Price effective from Koha item type Lost status Source of classification or shelving scheme Damaged status Not for loan Collection Withdrawn status Home library Current library Shelving location Date acquired Cost, normal purchase price
01/23/2023 2 TK5105.875 LAQ 92003024882 80.00 01/23/2023 BOOKS   LCC     NFIC   MAIN MAIN GEN 01/23/2023 80.00